Statistics for Marvel Most Powerful Characters in the Marvel Universe (Hard)

Click here to take the quiz!

General Stats

  • This quiz has been taken 231 times
    (230 since last reset)
  • The average score is 5 of 15

Answer Stats

HintAnswer% Correct
Monarch of AsgardOdin
88%
Devourer of worldsGalactus
84%
Son of Mr. FantasticFranklin Richards
64%
Assassinated every superhero and supervillan in Marvel Universe (off-canon)Deadpool
55%
Is appointed by "Death" to kill 1/2 of the universe's population; thief of infinity gemsThanos
52%
Jean Grey, among others.Phoenix Force
35%
The very embodiment of time.Eternity
31%
The most powerful being in the Marvel MultiverseOne Above All
31%
Son of the Hulk (Alternative Reality)Skaar
29%
Embodiment of the Marvel Multiverse; killed by BeyondersLiving Tribunal
25%
Sum total of an entire multiverse (Beyond Realm)Beyonder
24%
Long time friend of Thor OdinsonHercules
12%
Immortal; banned from land of the deadGrandmaster
5%
God of EvilMikaboshi
4%
Unlimited power; Imprisoned GalactusCyttorak
2%

Score Distribution

Percentile by Number Answered

Percent of People with Each Score

Your Score History

You have not taken this quiz since the last reset